000 00634nam a2200181Ia 4500
008 090124s9999 xx 000 0 und d
082 _b14571
_a1746
100 _aआफळे गोविंदस्वामी
245 _a बैल गेला नि झोपा केला
250 _a1
260 _c1965
300 _a74
600 _aआफळे गोविंदस्वामी
630 _a बैल गेला नि झोपा केला
700 _aआफळे गोविंदस्वामी
730 _a बैल गेला नि झोपा केला
942 _cBOOK
999 _c128511
_d128511